000 00750nam a2200205Ii 4500
003 JO-AjNU
008 230605s9999||||xx |||||||||||||| ||und||
040 _aJO-AjNU
_bara
_erda
_cJO-AjNU
041 _aara
050 1 4 _aDP115.A2222 1980
100 3 _aتاليف، طه، عبد الواحد ذنون,
_eauthor
_913550
245 0 0 _a حركة المقاومة العربية الاسلامية في الاندلس بعد سقوط غرناطة
250 _aط1
264 3 1 _aبيروت: دار المدار الاسلامي، 1980
300 _a86ص
336 _atext
_btxt
_2rdacontent
337 _aunmediated
_bn
_2rdamedia
338 _avolume
_bnc
_2rdacarrier
650 4 _aالاسلام- الاندلس - الاسلام- تاريخ
_913551
999 _aA3403
_c6971
_d6971